| 000 | 00542nam a2200205Ia 4500 | ||
|---|---|---|---|
| 001 | 14989 | ||
| 003 | GE_BSU | ||
| 008 | 181216s||||||||xx |||||||||||||| ||und|| | ||
| 040 | _cGE_BSU | ||
| 080 | _a512(075.8) | ||
| 100 | _aБурбаки,Н. | ||
| 245 | _aАлгебра. Алгебраические структуры | ||
| 260 | _aМосква | ||
| 260 | _bГосиздат | ||
| 260 | _c1962 | ||
| 300 | _a516стр.22см. | ||
| 653 | _aАлгебра. | ||
| 653 | _aАлгебраические структуры | ||
| 942 | _cBK | ||
| 999 |
_c48108 _d48108 |
||